| 000 | 00657nam a22002417a 4500 | ||
|---|---|---|---|
| 001 | 00260 | ||
| 003 | DO-SdBNP | ||
| 005 | 20180126103120.0 | ||
| 008 | 151130b19UU sp| 00| 0 spa d | ||
| 040 |
_aBPMSU _bspa _cBPMSU |
||
| 092 |
_axxxx _bxxxx |
||
| 100 | 1 | _aDickens, Charles | |
| 245 | 1 | 0 |
_aHistoria de dos ciudades / _cCharles Dickens ; traducción Victor Scholz. |
| 260 |
_aBarcelona : _bMateu, _c[1964]. |
||
| 300 |
_a304 p ; _c19 cm. |
||
| 490 | 1 | _aJuvenil cadete | |
| 700 | 1 | 2 |
_aScholz, Victor, _etr. |
| 830 | 0 | _aJuvenil cadete | |
| 910 | _a00260 | ||
| 942 |
_2ddc _cBK |
||
| 945 | _aInventariado extranjero / 2018 VM | ||
| 956 |
_aLorenza Pérez _b10 |
||
| 999 |
_c8951 _d8951 |
||